| 000 | 00362nam a22001457a 4500 | ||
|---|---|---|---|
| 999 |
_c532484 _d532484 |
||
| 003 | NUST | ||
| 020 |
_a9787508540092 _qP/B. |
||
| 038 | _awaseem | ||
| 082 |
_a629.892 _bHON |
||
| 100 |
_aHongpeng, Wang _926031 |
||
| 245 |
_aChina's Robots / _cWang Hongpeng |
||
| 260 |
_aBeijing : _bChina Intercontinental press, _c2017. |
||
| 300 | _a360 p. ; | ||
| 942 |
_2ddc _cBK |
||